| Tag |
First Indicator |
Second Indicator |
Subfields |
| LEADER |
00000cam a2200000 a 4500 |
| 001 |
in00000082169 |
| 005 |
20151008055524.0 |
| 008 |
740319s1940 it b 00010 ita d |
| 035 |
|
|
|a (OCoLC)00834661
|
| 035 |
|
|
|9 AAJ3691AM
|
| 040 |
|
|
|c BXM
|d TXA
|d UtOrBLW
|
| 049 |
|
|
|a TXAM
|c [387676]
|
| 090 |
|
|
|a BX4655.A2
|b M4
|
| 100 |
1 |
|
|a Mercati, Angelo,
|d 1870-1955.
|
| 245 |
1 |
0 |
|a "Bollandiana" dall'Archivio segreto vaticano /
|c di Angelo Mercati. L'Edition romaine des Conciles Generauz et les actes du premier Concile de lYon / par Stephan Kuttner.
|
| 264 |
|
1 |
|a Roma :
|b Casa Editrice S.A.L.E.R.,
|c 1940.
|
| 300 |
|
|
|a 131 pages ;
|c 25 cm.
|
| 336 |
|
|
|a text
|b txt
|2 rdacontent
|
| 337 |
|
|
|a unmediated
|b n
|2 rdamedia
|
| 338 |
|
|
|a volume
|b nc
|2 rdacarrier
|
| 490 |
1 |
|
|a Miscellanea historiae pontificiae / edita a Facultate Historiae Ecclesiasticae in Pontificia Universitate Gregoriana ;
|v v.3, collectionis n. 4-5
|
| 504 |
|
|
|a Includes bibliographical references.
|
| 610 |
2 |
0 |
|a Catholic Church.
|b Concilia generalia Ecclesiae Catholicae.
|
| 610 |
2 |
0 |
|a Council of Lyons
|n (1st :
|d 1245)
|
| 630 |
0 |
0 |
|a Acta sanctorum.
|
| 610 |
|
0 |
|a Bollandists.
|
| 700 |
1 |
|
|a Kuttner, Stephan,
|d 1907-1996.
|t L'Edition romaine des Conciles Generaux et les actes du premier Concile de Lyon.
|
| 710 |
2 |
|
|a Archivio vaticano.
|
| 740 |
2 |
|
|a L'Edition romaine des Conciles Generaux et les actes du premier Concile de Lyon.
|
| 810 |
2 |
|
|a Pontificia Università gregoriana.
|b Facoltà di storia ecclesiastica.
|t Miscellanea historiae pontificae ;
|v v. 3, n. 4-5.
|
| 999 |
|
|
|a MARS
|
| 999 |
f |
f |
|s d1ac9191-a6c5-348a-a012-4123d08777f9
|i 603a670f-f389-3956-89e0-d571f44753bf
|t 0
|
| 952 |
f |
f |
|p ric
|a Texas A&M University
|b Rellis Campus
|c Joint Library Facility
|d Remote Storage
|t 0
|e BX4655.A2 M4
|h Library of Congress classification
|i unmediated -- volume
|m A14806092890
|
| 998 |
f |
f |
|a BX4655.A2 M4
|t 0
|l Remote Storage
|